1257 1811 1969 1258 1967 1672 1504 1034 1368 1879 1491 1001 1694 1897 1462 1844 1525 1715 1335 1698 1206 1907 1292 1443 1241 1700 1113 1852 1542 1225 1146 1724 1723 1164 1413 1359 1232 1330 1206 1185 1093 1180 1587 1014 1780 1132 1308 1598 1295 1088 1625 1327 1713 1382 1430 1367 1453 1731 1579 1168 1984 1284 1157 1323 1645 1161 1859 1127 1145 1490 1077 1099 1405 1571 1574 1342 1040 1850 1508 1651 1584 1422 1301 1012 1059 1022 1360 1669 1951 1749 1980 1082 1717 1218 1104 1378 1682 1130 1350 BCNSPRNW ULIB Ver.6.0+V

เปลี่ยนเป็นภาษาไทย

Change to English
 แสดงรายละเอียดบรรณานุกรม
  กลับหน้าหลัก

Brief Record : Get Marc (ISO 2709) : E-mail record : QR code < ปิดหน้าต่าง
LEADER : 00000nam 2200000uu 4500
001    13399113872
003     ULIB
008    110220s||||||||th 000 0 tha d
099    วจ.WM171^bอ383ค
100 0  รัชชนก สิทธิเวช
245 00 ผลของโครงการรณรงค์เลิกสูบบุหรี่โดยนักศึกษาพยาบาล วิทยาลัยพยาบาลพระปกเกล้า จันทบุรี/^cรัชชนก สิทธิเวช,มัณฑนา เหมชะญาติ และ ธัสมน นามวงษ์
260    จันทบุรี:^bวิทยาลัยพยาบาลพระปกเกล้า จันทบุรี,^c2549
300    51 หน้า
650  7 การเลิกบุหรี่^xวิจัย
700 02 มัณฑนา เหมชะญาติ
700 02 ธัสมน นามวงษ์
710 2  วิทยาลัยพยาบาลพระปกเกล้า จันทบุรี
710 2  สำนักกองทุนสนับสนุนการสร้างเสริมสุขภาพ
945    ^p0^l0^i030932
995    ทศพร
999 ^a ใช้งานได้ทุกระบบ
รายการนี้ยังไม่มีแท็ก
คุณยังไม่ได้ล็อกอิน คุณสามารถมีกิจกรรมร่วมกับเว็บไซต์ได้ แต่ต้องล็อกอินก่อน ::
  ล็อกอิน

รายการสื่อสารสนเทศ

ลำดับที่ ประเภท เลขเรียก/บาร์โค้ด สถานที่ สถานะ
1. งานวิจัย
งานวิจัย
วจ.WM171 อ383ค ฉ.1 
  Barcode: 030932
ห้องสมุดวิทยาเขตสวรรค์ประชารักษ์
►วิจัย
บนชั้น

รายการใกล้เคียง
    ผู้แต่ง [รัชชนก สิทธิเวช]

BibComment


ยังไม่เคยถูกคอมเมนท์

คอมเมนท์ทรัพยากรรายการนี้
  คอมเมนท์: ผลของโครงการรณรงค..


 Copyright 2026. Bcnsprnw @Library